书目信息 |
| 题名: |
蔚蓝色的希望:海洋开发技术
|
|
| 作者: | 宋金明 编著 | |
| 分册: | ||
| 出版信息: | 济南 山东科学技术出版社 2000.03 |
|
| 页数: | 196页 | |
| 开本: | 32开 | |
| 丛书名: | ||
| 单 册: | ||
| 中图分类: | P75 | |
| 科图分类: | ||
| 主题词: | 海洋工程 | |
| 电子资源: | ||
| ISBN: | 7-5331-2524-X | |
| 000 | 00578nam0 2200193 45 | |
| 001 | 0012151623 | |
| 005 | 20001215161119.4 | |
| 010 | @a7-5331-2524-X@d10.00元 | |
| 100 | @a20001215d2000 km y0chiy0120 ea | |
| 101 | 0 | @achi |
| 105 | @a z 000yy | |
| 200 | 1 | @a蔚蓝色的希望:海洋开发技术@AWei Lan Se De Xi Wang:Hai Yang Kai Fa Ji Shu@f宋金明编著@FSong Jin Ming Bian Zhu |
| 210 | @a济南@c山东科学技术出版社@d2000.03 | |
| 215 | @a196页@d32开 | |
| 606 | 0 | @a海洋工程 |
| 690 | @aP75@v3 | |
| 701 | 0 | @a宋金明@4编著 |
| 801 | @aCN@bPftUser@c20001215 | |
| 905 | @b314237-245@dP75@eS529@f9 | |
| 蔚蓝色的希望:海洋开发技术/宋金明编著.-济南:山东科学技术出版社,2000.03 |
| 196页;32开 |
| ISBN 7-5331-2524-X:10.00元 |
| ● |
| 相关链接 |
|
|
|
正题名:蔚蓝色的希望:海洋开发技术
索取号:P75/S529
 
预约/预借
| 序号 | 登录号 | 条形码 | 馆藏地/架位号 | 状态 | 备注 |
| 1 | 314237 | 203142376 | 自科二线504/504自科库 47排3列6层/ [索取号:P75/S529] | 在馆 | |
| 2 | 314238 | 203142385 | 社科二线400B/401自科库 131排1列5层/ [索取号:P75/S529] | 在馆 | |
| 3 | 314239 | 203142394 | 社科二线400B/401自科库 131排1列5层/ [索取号:P75/S529] | 在馆 | |
| 4 | 314240 | 203142401 | 期刊室512/401自科库 130排2列4层/ [索取号:P75/S529] | 在馆 | |
| 5 | 314241 | 203142410 | 社科二线400B/400B社科库 9排4列4层/ [索取号:P75/S529] | 在馆 | |
| 6 | 314242 | 203142429 | 期刊室512/401自科库 130排2列4层/ [索取号:P75/S529] | 在馆 | |
| 7 | 314243 | 203142438 | 社科二线400B/401自科库 131排1列5层/ [索取号:P75/S529] | 在馆 | |
| 8 | 314244 | 203142447 | 期刊室512/401自科库 130排2列4层/ [索取号:P75/S529] | 在馆 | |
| 9 | 314245 | 203142456 | 自科库401/401自科库 134排2列5层/ [索取号:P75/S529] | 在馆 |